| 000 | 01566cam a2200361 a 4500 | ||
|---|---|---|---|
| 001 | EDZ0000063557 | ||
| 003 | StDuBDS | ||
| 005 | 20161031105210.0 | ||
| 006 | m||||||||d|||||||| | ||
| 007 | cr ||||||||||| | ||
| 008 | 120315s2004 caua fo| 001|0|eng d | ||
| 020 |
_a9781452231679 (ebook) : _cNo price |
||
| 040 |
_aStDuBDS _beng _cStDuBDS _epn |
||
| 049 | _aAlfaisal Main Library | ||
| 050 | 0 |
_aHQ519 _b.L44 2004 |
|
| 082 | 0 | 4 |
_a306.85 _223 |
| 100 | 1 | _aLeeder, Elaine J. | |
| 245 | 1 | 4 |
_aThe family in global perspective _h[electronic resource] : _ba gendered journey / _cElaine Leeder. |
| 260 |
_aThousand Oaks, Calif. ; _aLondon : _bSAGE, _cc2004. |
||
| 300 |
_a1 online resource (xvi, 307 p.) : _bill. |
||
| 520 | 8 | _aBased upon the author's experiences studying families in 42 countries, this text presents an overview of family life around the world. Organized thematically, rather than geographically the volume addresses such topics as types of marriages parenthood, feminist theories on the family, the socialization of gender, and domestic violence. | |
| 521 | _aSpecialized. | ||
| 588 | _aDescription based on print version record. | ||
| 504 | _aIncludes bibliographical references and index. | ||
| 650 | 0 | _aFamilies. | |
| 650 | 0 |
_aFamilies _vCross-cultural studies. |
|
| 650 | 0 | _aSex role. | |
| 655 | 7 |
_aElectronic books. _2local |
|
| 710 | 2 | _aSage eBooks | |
| 776 | 0 | 8 |
_iPrint version : _z9780761928379 |
| 856 | 4 | 0 | _uhttp://ezproxy.alfaisal.edu/login?url=http://sk.sagepub.com/books/the-family-in-global-perspective |
| 942 |
_2lcc _cEBOOKS |
||
| 999 |
_c481515 _d481515 |
||